Vytváranie podmienok pre vstup zahraničných investícií do tuzemskej ekonomiky.

Kritériá pre zahraničné priame investície a porovnanie 5 východoeurópskych krajín (Bulharsko, ČSFR, Poľsko, Rumunsko, Maďarsko). Kritériá v oblasti obmedzenia podielu majetkovej účasti na podnikaní, zdaňovacieho práva, stimulácie, prevodu zisku, ochrany investícií, získavania stavebného pozemku.

Saved in:
Bibliographic Details
Main Author: Olšovský, J.
Format: Book Chapter
Language:Slovak
Subjects:
Tags: Add Tag
No Tags, Be the first to tag this record!

MARC

LEADER 00000naa a2200000 4500
001 r010494
005 20220831090721.0
041 0 |a slo 
044 |a [CS] 
245 1 0 |a Vytváranie podmienok pre vstup zahraničných investícií do tuzemskej ekonomiky.  |c J. Olšovský 
520 |a Kritériá pre zahraničné priame investície a porovnanie 5 východoeurópskych krajín (Bulharsko, ČSFR, Poľsko, Rumunsko, Maďarsko). Kritériá v oblasti obmedzenia podielu majetkovej účasti na podnikaní, zdaňovacieho práva, stimulácie, prevodu zisku, ochrany investícií, získavania stavebného pozemku. 
610 2 0 |a investície zahraničné 
610 2 0 |a BR 
610 2 0 |a ČSFR 
610 2 0 |a PR 
610 2 0 |a RR 
610 2 0 |a MR 
610 2 0 |a akcie 
610 2 0 |a dane 
610 2 0 |a stimulovanie 
610 2 0 |a úľavy daňové 
610 2 0 |a zisk 
610 2 0 |a zákony 
610 2 0 |a joint ventures 
100 1 |a Olšovský, J.